La inserción de México en la arquitectura cambiante de redes del suministro del vestido hacia Estados Unidos : 1985-2003 /

Estudios sobre la incorporación de la industria del vestido en México dentro del mercado internacional por medio, primero de maquila de costura y después dentro de una industria más desarrollada a partir de la incorporación al Tratado de Libre Comercio de América del Norte desde los años ochenta y l...

Descripció completa

Guardat en:
Dades bibliogràfiques
Autor principal: García de León, María Guadalupe (autor)
Format: Llibre
Idioma:espanyol
Publicat: México : Hermosillo, México : UNAM, Instituto de Investigaciones Económicas : Miguel Angel Porrúa ; Universidad de Sonora, 2008, c2008
Col·lecció:(Colección Jesús Silva Herzog)
Matèries:
Etiquetes: Afegir etiqueta
Sense etiquetes, Sigues el primer a etiquetar aquest registre!

MARC

LEADER 00000nam^a2200000^a^4500
001 000297473
005 20250521000000.0
009 20260310112339.878
020 |a 978-970-819-048-0 
037 |a Acervo ITESO - Biblioteca 
041 |a ESP 
082 |a 338. 456870972  |b GAR 
100 |a García de León, María Guadalupe  |e (autor) 
245 1 3 |a La inserción de México en la arquitectura cambiante de redes del suministro del vestido hacia Estados Unidos :  |b 1985-2003 /  |c M.G. García de León. 
264 4 |a México :  |b UNAM, Instituto de Investigaciones Económicas :  |b Miguel Angel Porrúa ;  |a Hermosillo, México :  |b Universidad de Sonora,  |c 2008, c2008 
300 |a 390 p. 
336 |a texto  |b txt  |2 rdacontenido 
337 |a sin mediación  |b n  |2 rdamedio 
338 |a volumen  |b nc  |2 rdasoporte 
440 1 |a (Colección Jesús Silva Herzog) 
520 |a Estudios sobre la incorporación de la industria del vestido en México dentro del mercado internacional por medio, primero de maquila de costura y después dentro de una industria más desarrollada a partir de la incorporación al Tratado de Libre Comercio de América del Norte desde los años ochenta y la declinación a partir de 2001 por la inclusión de China en este nicho del mercado internacional. 
649 |a XX 
650 |a Industria del Vestido -  |z México -  |x Tema Principal 
650 |a Competencia Internacional (Economía) 
650 |a Comercio Exterior -  |z EUA 
650 |a Globalización 
650 |a Economía -  |z México -  |x Historia -  |y Siglo XX 
650 |a Economía -  |z México -  |x Historia -  |y Siglo XXI 
910 |a Fondo General 
920 |a Impresos - Libros 
930 |a Colección General 
905 |a 101 
901 |a 0500183059  |b IT1  |c ACC  |i C122619  |u 20250521 
902 |a https://opac.biblio.iteso.mx/vufind/Record/000297473